000 00382pab a2200145 454500
008 180718b1985 xxu||||| |||| 00| 0 eng d
100 _aPhan - They, N.
245 _aEmployment and training schemes for rural youth
_bLearning from experience
260 _c1985
300 _a435-46
362 _aAug.
650 _aYouth
773 _aInternational Labour Review
909 _a21089
999 _c21089
_d21089